000
00297nam a22001337a 4500
008
230523b |||||||| |||| 00| 0 eng d
020
_a
9789390644308
100
_a
Bare Act
245
_a
Hindu Laws
260
_a
Haryana
_b
LN Pub.
_c
2023
300
_a
130
546
_a
English
942
_2
ddc
_c
BK
999
_c
20024
_d
20024